[Event "FIDE-Wch k.o."]
[Site "Groningen"]
[Date "1997.12.10"]
[Round "1.7"]
[White "Christiansen, Larry Mark"]
[Black "Andersson, Ulf"]
[Result "1/2-1/2"]
[WhiteElo "2550"]
[BlackElo "2640"]
[Annotator "Finkel,A"]
[PlyCount "77"]
[EventDate "1997.12.09"]
[EventType "k.o."]
[EventRounds "7"]
[EventCountry "NED"]
[SourceTitle "CBM 063"]
[Source "ChessBase"]
[SourceDate "1998.03.26"]
[SourceVersion "1"]
[SourceVersionDate "1998.03.26"]
[SourceQuality "1"]

1. e4 {Oratovsky,M} e6 2. d4 d5 3. Nc3 Nf6 4. Bg5 dxe4 5. Nxe4 Be7 6. Bxf6 gxf6
7. Nf3 b6 8. Bc4 (8. g3 $5 {Finkel,A} Bb7 9. Qe2 Qd5 10. Ned2 Nc6 11. c3 O-O-O
12. Bg2 Qh5 13. O-O e5 $132 {Heller,F-Andersson,U/Haninge/1989/ (18)}) (8. c4
$5 {Finkel,A}) 8... Bb7 9. Qe2 c6 10. O-O-O Qc7 11. Kb1 (11. Rhe1 {Finkel,A}
Nd7 12. Nc3 $5 {/\ 13.d5!?}) 11... Nd7 12. Rhe1 O-O-O 13. Ba6 Bxa6 (13... Rhe8
$5 {Finkel,A} 14. Bxb7+ Kxb7 15. c4 $6 Nf8 16. Qc2 f5 17. Nc3 Bf6 18. Re3 Re7
$11 {[%csl Rd4] 0,5/Kortchnoj,V-Andersson,U/Reykjavik/1988/ (25)}) 14. Qxa6+
Kb8 15. Qe2 (15. g3 {Finkel,A} f5 16. Ned2 Bf6 (16... h5 {Finkel,A} 17. Qe2 h4
18. Nc4 $5 hxg3 19. hxg3 Bf6 20. Rd3 b5 21. Ncd2 Nb6 22. Rc1 $1 $14 {Almasi,
Z-Andersson,U/Ubeda 1997 (81)}) 17. Qe2 c5 18. c3 $5 cxd4 19. cxd4 $1 Rc8 20.
Rc1 Qb7 21. Nc4 Qd5 22. Nfe5 Nxe5 23. dxe5 Be7 24. Red1 $36 {Sokolov,
A-Andersson,U/Bar 1997 (52)}) (15. a3 $5 {Finkel,A} Rhg8 16. g3 f5 17. Ned2 h5
18. Qe2 h4 19. Nc4 hxg3 20. hxg3 f4 $5 $13 {Pritchett,C-Berg,K/BL 1986 (39)})
15... Rhg8 (15... Rhe8 {Finkel,A} 16. c4 $6 (16. a3 $5 Bf8 17. c4 h6 18. Nc3 f5
19. d5 $1 Bg7 20. Nd4 $14 Bxd4 21. Rxd4 Nf6 22. Qd2 cxd5 23. cxd5 e5 24. Rh4 h5
(24... Qc5 25. Rxh6 Nxd5 26. Nxd5 Rxd5 27. Qc2 $1 $16) 25. Qg5 Nxd5 26. Nxd5
Rxd5 27. Qxf5 $14 {Hellers,F-Andersson,U/Eksjo m 1993 (46)}) (16. c3 Bf8 17. g3
h6 18. Ned2 Bg7 19. Nc4 f5 20. a4 $5 Nf6 21. Nfe5 Re7 $132 {Christiansen,
L-Andersson,U/FIDE WCh KO 1997/1/2-1/2 (64)}) (16. g3 Nf8 17. c3 f5 18. Ned2
Ng6 19. Nc4 Bf6 {1/2-1/2 De la Riva,O-Magem Badals,J/ch-ESP, Torrevieja 1997} (
19... c5 $6 20. Rd2 cxd4 21. Nxd4 Rc8 22. Ne3 Qb7 23. Nec2 a6 24. Red1 $14 {
Leko,P-Andersson,U/It, Ubeda ESP 1997 (41)})) (16. Qe3 f5 17. Neg5 Bxg5 18.
Nxg5 Re7 19. Qh3 $6 Qf4 20. Nf3 Qg4 $1 $11 {Isaev-Zueger/32nd Chess Olympiad,
Yerevan 1996 (30)}) 16... Nf8 17. g3 Ng6 18. Nc3 Bb4 19. Qc2 Re7 20. a3 Bxc3
21. Qxc3 Red7 $11 {Gallagher,J-Zueger,B/Biel Credis 1996 (28)}) (15... Rdg8 $5
16. g3 f5 17. Ned2 h5 18. Nc4 h4 19. Nfe5 Nxe5 20. Nxe5 Bf6 $11 {Kraut,R-Knaak,
R/BL 1996 (41)}) 16. g3 f5 17. Ned2 Bf6 (17... h5 {Finkel,A} 18. Nc4 h4 19. Rd3
(19. Nfe5 $6 Nxe5 20. Nxe5 Bf6 21. Qf3 Bxe5 22. dxe5 Rd5 23. Rxd5 cxd5 24. Qd3
Rh8 $15 {0-1 Ravinsky,G-Chistiakov,A/Moscow sf 1955 (40)}) 19... hxg3 20. hxg3
Rh8 21. a3 Bf6 22. Red1 b5 23. Ne3 $14 {Klovans,J-Chistiakov,A/URS-ch35
Kharkov 1967/0-1 (51)}) (17... Rg4 $5 18. Nc4 Bf6 19. Ne3 Rgg8 20. Ng2 $5 Nf8
21. Nf4 Ng6 22. Nh5 Bh8 23. Qe3 $14 {Polgar,J-Pytel,K/Royan op 1988/0-1 (64)})
18. Nc4 (18. c3 c5 19. Nc4 cxd4 20. Nxd4 Nc5 21. f3 a6 22. Ne3 b5 23. Nec2 Kb7
$13 {Christiansen,L-Andersson,U/FIDE WCh KO, Groningen NED (1.5) 1997/1/2-1/2 
(61)}) 18... b5 $5 (18... Bh8 $5 19. Nfe5 Nf6 20. Rd3 Ka8 21. Red1 $14 {
Ovetchkin,R-Volkov,S/Russian Cup Stage 1998/0-1 (67)}) 19. Ncd2 {Deserved
attention} (19. Nce5 $5 Nb6 {[%cal Gd8d5]} (19... Nxe5 20. dxe5 (20. Nxe5 Rd5
21. c4 bxc4 22. Qxc4 Bxe5 23. dxe5 Qb6 (23... Rxe5 24. Rxe5 Qxe5 25. Qxc6 Rc8
26. Qf3 $14 Qe4+ $2 27. Qxe4 fxe4 28. Rd7 Rc7 29. Rxc7 Kxc7 30. Kc2 Kd6 31. Kc3
$16) (23... Rgd8 24. Rxd5 cxd5 25. Qxc7+ Kxc7 26. Rd1 {[%csl Rh7][%cal Gd1d4,
Gd4h4]} d4 {[%cal Gc7c6,Gc6d5]} 27. Kc2 Kc6 28. Kd3 Kd5 29. Rc1 $1 Kxe5 30. Rc7
Kf6 31. f4 $1 $16) 24. f4 Rgd8 $11)) (19... Bxe5 20. dxe5 (20. Nxe5 Nxe5 21.
dxe5 $14 {[%csl Rh7][%cal Gf2f4]}) 20... Nb6 $11) 20. c4 bxc4 21. Nxc4 Rd5 (
21... c5 22. dxc5 (22. Nce5 $5) 22... Qxc5 23. Nce5 $14 {[%csl Rf7]}) 22. Nce5
Rgd8 23. Rc1 R8d6 24. Rc2 $14 {[%cal Ge1c1]}) 19... a6 20. Nb3 c5 21. c4 $1 $36
{Forcing interesting complications.} cxd4 22. cxb5 e5 (22... d3 $6 23. Rxd3 (
23. Qxd3 Ne5 24. Qe2 Nxf3 25. Qxf3 axb5 26. Rc1 $14) 23... axb5 24. Rc1 Qb6 25.
Rcd1 $16) 23. bxa6 Qb6 24. Qc2 d3 $8 25. Rxd3 (25. Qc4 e4 26. Nfd4 Bxd4 27.
Nxd4 Ne5 $1 $132) 25... e4 26. Rd5 exf3 27. Red1 $1 (27. Qxf5 $2 Qxf2 28. Rb5+
Ka7 $1 {[%cal Gf2b2,Gf2e1]} 29. Rb7+ Ka8 $19) (27. a7+ $5 Ka8 $1 (27... Kxa7
28. Qxf5 Nb8 $8 (28... Ne5 29. Rexe5 Bxe5 30. Ra5+ $1 Kb7 31. Nc5+ Kc6 32. Qe4+
Kc7 33. Qxe5+ $40 Qd6 34. Ra7+ Kb8 35. Qxd6+ Rxd6 36. Rxf7 $18) 29. Qxf3 Rxd5
30. Qxd5 Rd8 31. Qxf7+ Rd7 $13) 28. Rxf5 Rge8 $132) 27... Ne5 28. Qxf5 Rxd5 29.
Rxd5 Rd8 $8 (29... Rg5 {[%tqu "En","","","","a6a7","",5]} 30. a7+ $1 Kxa7 31.
Qc8 $18 {[%cal Gd5a5]}) (29... Re8 30. Nc5 $40) 30. Rxe5 Bxe5 31. Qxe5+ Qc7 (
31... Ka7 32. Qe7+ (32. Qe4 $2 Qg6) (32. Nc5 Qg6+ 33. Kc1 Qh6+ $11 34. Kb1 Qg6+
) 32... Kxa6 33. Qxf7 $16) 32. a7+ Kb7 33. Nc5+ $2 {Choosing a wrong place for
a knight.} (33. Na5+ $1 Kb6 34. Qe3+ Kb5 35. Qb3+ Kxa5 (35... Ka6 36. Qxf3 $18)
36. a8=Q+ Rxa8 37. Qa3+ Kb5 38. Qxa8 $18 {was wining.}) 33... Kb6 34. Na4+ Kb7
35. Nc5+ Kb6 36. Na4+ Kb7 37. Nc5+ Kb6 38. Nd7+ Qxd7 39. Qb8+ (39. Qb8+ Kc5 40.
b4+ Kc4 41. Qf4+ Qd4 42. Qxf7+ Kxb4 43. Qb7+ Kc3 $15) 1/2-1/2

[Event "Corus-B"]
[Site "Wijk aan Zee"]
[Date "2005.01.25"]
[Round "9"]
[White "Kosteniuk, Alexandra"]
[Black "Stellwagen, Daniel"]
[Result "0-1"]
[WhiteElo "2490"]
[BlackElo "2524"]
[Annotator "Finkel,A"]
[PlyCount "92"]
[EventDate "2005.01.15"]
[EventType "tourn"]
[EventRounds "13"]
[EventCountry "NED"]
[EventCategory "13"]
[SourceTitle "CBM 105"]
[Source "ChessBase"]
[SourceDate "2005.04.11"]
[SourceVersion "1"]
[SourceVersionDate "2005.04.11"]
[SourceQuality "1"]

1. e4 e6 2. d4 d5 3. Nc3 Nf6 4. Bg5 dxe4 5. Nxe4 Be7 6. Bxf6 gxf6 7. Nf3 a6 8.
Bc4 {I don't really like this move. More dangerous for black 8.g3 and 8.c4!} (
8. g3) (8. c4) 8... b5 9. Bb3 (9. Bd3 Bb7 10. c3 Nd7 11. Qe2 Qc8 12. O-O c5 13.
Rad1 c4 14. Bb1 Bd5 15. Ng3 $14 {Cvicela,A-Masek,M/Prague 2002}) 9... f5 $5 (
9... Nc6 10. Qd2 Bb7 11. d5 Nb4 12. dxe6 Qxd2+ 13. Nexd2 fxe6 14. O-O-O Nd5 15.
Rhe1 $36 {Mueller,M-Siebert,L/Germany 2000}) (9... Bb7 10. Qe2 Nd7 (10... Bd5
11. Bxd5 Qxd5 12. O-O O-O 13. a4 Nc6 14. Rfd1 Rad8 15. axb5 axb5 16. Ra6 Nb4
17. Ra5 Qc4 18. Qxc4 bxc4 19. c3 {1/2-1/2 Bakre,T-Prasad,D/Calcutta 2000/CBM
074 ext (19)}) 11. O-O-O (11. a4 f5 (11... O-O 12. axb5 axb5 13. O-O Nb6 14. c3
Bd5 15. Bc2 Bc4 $13 {Malakhov,V-Fingerov,D/Kiev 2001}) 12. Ng3 O-O 13. axb5
axb5 14. O-O b4 15. d5 Bxd5 16. Bxd5 Rxa1 17. Rxa1 exd5 18. Nxf5 $36 {
Middelburg,T-Bensdorp,M/Hengelo 2003}) 11... Nb6 12. Nc5 Bd5 13. Kb1 c6 14.
Rhe1 a5 15. Qe3 a4 16. Bxd5 Qxd5 17. Qh6 $14 {Gara,A-Prudnikova,S/Istanbul 2000
}) 10. Ng3 c5 11. c3 c4 $1 {Very good strategical decision. All of a sudden
white bishop gets restricted by the black pawns while his black opponent
dominates over the diagonal a8-h1.} 12. Bc2 Bb7 13. Qe2 (13. b3 $6 Qc7 $15 {
[%csl Rc3]}) 13... Nd7 14. O-O-O $5 {It's clear that the king isn't going to
be safe on the queenside, but opting for the kingside castle was at least as
dangerous.} (14. O-O h5 15. Rfe1 h4 16. Nf1 h3 17. g3 Nf6 18. N1d2 Nd5 $15)
14... Bd5 15. Rhe1 b4 16. Ba4 Qa5 ({Serious attention deserved an exchange
sacrifice by} 16... bxc3 $5 17. Ne5 cxb2+ 18. Kb1 (18. Kxb2 $6 Rb8+ 19. Ka1 Rb5
$1 $15) 18... Ra7 19. Nxd7 Rxd7 20. Qxb2 O-O 21. Bxd7 Qxd7 22. Ka1 Qc7 $15 {
with very formidable initiative.}) 17. Bxd7+ (17. Qc2 Kd8 18. Bxd7 Kxd7 19.
Ne5+ Kc7 $17) 17... Kxd7 18. Ne5+ Kc7 19. Kb1 ({White had another interesting
attempt with quite unclear consequances.} 19. Nxf5 $5 exf5 (19... Qxa2 20. Nxe7
Qa1+ 21. Kd2 Qxb2+ 22. Ke3 Qxc3+ 23. Kf4 $18) 20. Nxc4 Bg5+ 21. Kb1 Qb5 22.
Qe5+ Kc6 23. Nd6 Qb8 24. c4 Qxd6 25. cxd5+ Kc7 26. h4 $44) 19... bxc3 20. Nxc4
Qa4 21. b3 $2 {A blunder after which white's position is completely hopeless.}
(21. Rc1 $1 {[%cal Gc1c7]} Rab8 (21... Bxc4 22. Rxc3 Qxa2+ 23. Kc2 $13) 22.
Rxc3 Bb4 23. Ne3+ Bxc3 24. Nxd5+ exd5 25. Qe7+ Kc8 (25... Qd7 $6 26. Qc5+ Kd8
27. Qxc3 $36) 26. Qc5+ Kd8 $11) 21... Rab8 $19 22. Ka1 Rxb3 23. Ne3 Rd8 24. Qc2
(24. Rc1 Ba3 25. Nxd5+ Rxd5 26. axb3 Bb2+ 27. Kb1 Qxb3 28. Qd1 Qb4 $19) 24...
Ra3 25. Nxd5+ Rxd5 26. Qxa4 Rxa4 27. Ne2 Rc4 28. Rd3 Bf6 {[%cal Gf6a1]} (28...
Ba3 29. Nxc3 Rdxd4 30. Nd5+ Rxd5 31. Rxa3 Rc2 32. Rxa6 Rxf2 33. Ra7+ Kd6 34.
Rxf7 Rdd2 35. Ra7 Rxg2 $19) 29. Rc1 Kd6 30. Rcxc3 Rxc3 31. Rxc3 Rxd4 $1 32. Kb1
Rd2 33. Rc2 Rd1+ 34. Rc1 Rd2 35. Rc2 Rd1+ 36. Rc1 Rxc1+ 37. Kxc1 Kc5 38. Kc2
Kc4 39. f3 Be5 40. h4 h5 41. Kd2 f4 42. Kc2 Bd6 43. Nc3 f5 44. Ne2 e5 45. Nc1
Kd4 46. Kd2 Bb4+ 0-1

[Event "EU-chT (Men) 13th"]
[Site "Leon"]
[Date "2001.11.07"]
[Round "2.4"]
[White "Jenni, Florian"]
[Black "Buhmann, Rainer"]
[Result "1-0"]
[WhiteElo "2487"]
[BlackElo "2505"]
[Annotator "Finkel,A"]
[PlyCount "75"]
[EventDate "2001.11.06"]
[EventType "team-swiss"]
[EventRounds "9"]
[EventCountry "ESP"]
[SourceTitle "CBM 086"]
[Source "ChessBase"]
[SourceDate "2002.02.05"]
[SourceVersion "1"]
[SourceVersionDate "2002.02.05"]
[SourceQuality "1"]
[WhiteTeam "Switzerland"]
[BlackTeam "Germany"]
[WhiteTeamCountry "SUI"]
[BlackTeamCountry "GER"]

1. e4 e6 2. d4 d5 3. Nc3 Nf6 4. Bg5 dxe4 5. Nxe4 Be7 6. Bxf6 gxf6 7. Nf3 b6 8.
Bb5+ $6 {I don't think white may get an advantage with this move. J.Polgar and
P.Leko showed very interesting and strong plan for white which starts with
castling kingside.} c6 9. Bc4 Bb7 10. Qe2 Nd7 11. O-O-O Qc7 12. Rhe1 O-O-O 13.
Ba6 {Dozens of games were played in this position, but none of them showed a
clear way to white's advantage.} (13. Kb1 f5 (13... Kb8 14. Bb3 Rhg8 15. Ng3 (
15. g3 f5 16. Ned2 Nf6 17. Ne5 Bf8 18. Nf1 Bg7 $13 {Steiner,L-Flohr,S/Ujpest
1934/HCL}) 15... Bf8 16. Nh5 Rxg2 {1/2-1/2 Tisdall,J-Iskov,G/Gausdal 1986/EXT
97 (16)}) (13... Rhg8 14. g3 f5 15. Nc3 Bf6 16. Ba6 Rge8 17. Bxb7+ Kxb7 18. Qe3
h5 19. h4 Nf8 $11 {Volokitin,A-Radjabov,T/Oropesa del Mar 1998/EXT 2000}) 14.
Ned2 h5 15. Ba6 {1/2-1/2 Lukic,A-Djurasevic,B/Sarajevo 1958/EXT 2000 (15)})
13... Bxa6 $5 (13... f5 14. Ng3 Bd6 15. Nf1 Nf6 16. g3 c5 17. Ne3 cxd4 18.
Bxb7+ Qxb7 19. Rxd4 Bc5 20. Rc4 Kb8 21. Nd2 Ka8 22. Nb3 {1/2-1/2 Bredl,
H-Bielczyk,J/Bayern 1993/EXT 99 (22)}) (13... Rhg8 14. g3 f5 15. Ned2 h5 16.
Bxb7+ Kxb7 17. Nc4 Nf6 18. Nfe5 Bb4 19. Rf1 Ng4 $11 {Kovalevskaya,E-Dubinka,I/
Parnu 1996/CBM 50 ext}) 14. Qxa6+ Kb8 15. Kb1 Rhg8 16. g3 f5 17. Ned2 Bf6 (
17... Nf6 $5 18. c3 Ng4 19. Re2 c5 20. h3 Nf6 21. Nb3 $14) 18. Nc4 h5 {[%csl
Rh5][%cal Gh5h4] The only weakness in black's position ia h-pawn, so black
tries t get rid of it.} 19. Ne3 Bh8 (19... h4 20. Ng2 hxg3 21. fxg3 Bg7 22. Nf4
Nf6 $132) 20. Ng2 $5 {Strange manouvre, but it's hard to recommend something
better!} Nf6 21. Nf4 Ne4 22. Qe2 (22. Nxh5 $6 Nxf2 23. Rd2 Ne4 $15) 22... h4 $5
(22... c5 $6 23. d5 Rge8 24. dxe6 Rxd1+ 25. Rxd1 fxe6 26. Nxh5 e5 27. h3 $16)
23. Nxh4 $6 Bxd4 24. f3 Nc5 25. c3 Bf6 26. Nhg2 b5 $5 {Possible plan, but may
be black should play on the kngside where he has semi-open files for his rooks.
} (26... Rh8 27. h4 (27. Ne3 Bg5 $15) 27... Rdg8 28. Qf2 Be5 29. Rh1 Nd7 $13)
27. Qc2 Na4 28. Ne2 Qa5 29. Ngf4 Nb6 30. Nd3 Nd5 31. Nd4 (31. Nef4 $5) 31...
Qb6 32. Ne5 Bxe5 33. Rxe5 f4 (33... c5 34. Nb3 (34. Nxb5 $2 Qxb5 35. c4 Nc3+
$19 {[%cal Gd8d1,Gb5b1]}) 34... Rd7 35. Rde1 Rc8 36. Qf2 $13) 34. gxf4 Nxf4 35.
a4 Nd5 (35... f6 36. Ree1 e5 37. Qe4 Nd5 $15) 36. Qb3 c5 $6 {Starting a comedy
of mistaks which end up in white's favor!} (36... a6 $5) 37. a5 $2 (37. Nxb5 a6
38. c4 Nf4 39. Rxd8+ Rxd8 40. Nd4 {[%cal Gd4b3]} Ka7 41. Qxb6+ Kxb6 42. Nb3 $14
) 37... Qxa5 $4 (37... Qc7 $1 38. Qxb5+ Ka8 39. Qc6+ Qxc6 40. Nxc6 Nxc3+ 41.
bxc3 Rxd1+ 42. Kc2 Rd6 $19) 38. Nc6+ 1-0

[Event "WchT 4th"]
[Site "Luzern"]
[Date "1997.11.01"]
[Round "8.1"]
[White "Yermolinsky, Alex"]
[Black "Bareev, Evgeny"]
[Result "1/2-1/2"]
[WhiteElo "2650"]
[BlackElo "2670"]
[Annotator "Finkel,A"]
[PlyCount "104"]
[EventDate "1997.10.25"]
[EventType "team-tourn"]
[EventRounds "9"]
[EventCountry "SUI"]
[SourceTitle "CBM 062"]
[Source "ChessBase"]
[SourceDate "1998.01.31"]
[SourceVersion "1"]
[SourceVersionDate "1998.01.31"]
[SourceQuality "1"]
[WhiteTeam "US of America"]
[BlackTeam "Russia"]
[WhiteTeamCountry "USA"]
[BlackTeamCountry "RUS"]

1. e4 {Yermolinsky} e6 2. d4 d5 3. Nc3 Nf6 4. Bg5 dxe4 5. Nxe4 Be7 6. Bxf6 Bxf6
7. Nf3 O-O 8. Qd2 Nd7 9. O-O-O Be7 {N} 10. Bc4 (10. Qf4 $5 Nf6 11. Nxf6+ Bxf6
12. Bd3 c5 $2 13. dxc5 Qa5 14. Qc4 e5 15. Be4 $1 $16 {Galkin,A-Pushkov,N/Azov
1995/1/2-1/2 (69)}) (10. Kb1 b6 11. Bc4 Nf6 12. Nxf6+ Bxf6 13. Rhe1 (13. Qe3
Bb7 14. Rhe1 Qe7 15. g4 Rad8 16. Ne5 c5 $11 17. dxc5 Rxd1+ 18. Rxd1 Rd8 19.
Rxd8+ {1/2-1/2 Stefansson-Bareev/32nd Chess Olympiad, Yerevan 1996}) 13... Bb7
14. Qf4 Bxf3 {1/2-1/2 Morovic Fernandez,I-Dizdar,G/New York op 1997}) 10... Nf6
(10... c5 $5 11. dxc5 (11. d5 {Yermolinsky} exd5 (11... Nb6 $2 12. dxe6 Nxc4
13. exf7+ Kh8 14. Qc3) 12. Bxd5 Nf6 13. Nxf6+ Bxf6 14. Rhe1 Qb6 15. Ne5 Be6 $1
16. Nc4 Qa6 17. Qa5 $14) 11... Qc7 12. Rhe1 Nxc5 13. Nxc5 Qxc5 14. Bd3 Bf6 15.
Qe2 g6 16. h4 Rd8 17. Bb5 Bxb2+ $11 18. Kxb2 {1/2-1/2 Almasi Zoltan-Dizdar
Goran/Ch Croatia (team) st league), Makarska 1995}) (10... a6 $5 11. Bb3 c6 12.
Qf4 b5 13. h4 (13. Ne5 $5) 13... Ra7 14. Neg5 Nf6 15. c3 Qc7 $1 16. Ne5 c5 17.
Bc2 cxd4 18. Rxd4 (18. cxd4 Nd5 $1 $10) (18. Qxd4 $1) 18... h6 19. Rh3 (19.
Ngf3 $10) 19... Bc5 $1 {><f7} 20. Rd2 $6 (20. Rd1 $1 Nd5 21. Bh7+ Kh8 22. Qe4
Nf6 23. Ngxf7+ Rxf7 24. Nxf7+ Qxf7 25. Rd8+ Bf8 26. Bg6 Nxe4 27. Bxf7 Rxf7 28.
Rf3 Rxf3 29. gxf3 Kg8 $13) 20... Nd5 $15 {Khalifman,A-Bareev,E/Beograd 1993/
0-1 (45)}) (10... b6 11. d5 $1) 11. Nxf6+ Bxf6 12. Rhe1 Rb8 (12... Bd7 {
Yermolinsky} 13. d5 $1 exd5 14. Qxd5 Bc6 15. Qh5 Qc8 16. Ne5 $16) 13. Ne5 (13.
Bb3 {Yermolinsky} b6 14. d5 exd5 15. Bxd5 Bg4 16. Qf4 Qc8 $11) 13... b5 14. Bd3
(14. Nc6 Qd6 $1 (14... Bg5 15. f4 (15. Re3 Bxe3 (15... Qd6 16. Nxb8 Bxe3 17.
fxe3 $10) 16. fxe3 Qd6 17. Nxb8 bxc4 18. Qa5 Bb7 19. Qxa7 Bxg2 $15) 15... Qd6
16. fxg5 Qxc6 17. Bb3 Rd8 18. d5 Qe8 19. Qf4 Qe7 20. dxe6 Rxd1+ 21. Rxd1 Bxe6
22. Bxe6 fxe6 23. Qe5 $14 {[%csl Ge5]}) 15. Nxb8 bxc4 {[%csl Rb8]} 16. Qa5 {
[%cal Gd4d5]} c5 $1 (16... c3 $1 {Yermolinsky} 17. Qxa7 (17. bxc3 Bb7 18. Qxa7
Bg5+ 19. Re3 (19. Kb2 c5 $40) (19. Kb1 c5 $40) 19... Bxg2 $17) 17... cxb2+ 18.
Kb1 Qxh2 $13) 17. Qxa7 cxd4 18. g3 e5 $17) 14... Rb6 $5 (14... Bb7 $5 15. f4 b4
16. g4 $14 {[%cal Gg4g5]}) 15. Qe3 $14 (15. f4 {Yermolinsky} Rd6 16. Bxb5 c5
$36) 15... Bb7 (15... Qd5 {Yermolinsky} 16. Kb1 Qxg2 $2 17. Rg1 Qd5 18. Qh6 $18
) 16. g4 a6 17. f4 g6 18. g5 Bg7 19. h4 Qd5 20. Kb1 Rd6 (20... Rd8 21. h5 {
Yermolinsky} (21. Be2 Qe4 22. Qc3 (22. Qxe4 Bxe4 23. Bg4 Bb7 24. h5 Rbd6 25. c3
$10 (25. hxg6 hxg6 26. c3 $10)) 22... Rc8 23. Bxb5 Qxf4 24. Bd7 Rb8 25. Nc4 $16
) (21. c3 a5 (21... b4 22. c4 Qxd4 23. Bc2 $18) 22. h5 $14) 21... Qxd4 $2 22.
Be2 $1 Qxe3 23. Rxd8+ Bf8 24. Nd7 $1 gxh5 25. Rxf8+ Kg7 26. Rxf7+ $1 Kxf7 27.
Bxh5+ Ke7 28. Rxe3 Kxd7 29. Bg4 $16) 21. c3 b4 22. Bc4 Qa5 23. cxb4 Qxb4 24. a3
Qb6 25. Rd3 $1 $16 {[%csl Rb7][%cal Gd3b3]} a5 (25... Bd5 {Yermolinsky} 26. Rc1
) (25... Rfd8 {Yermolinsky} 26. Rb3 Qa7 27. Nxf7 $1 $40) 26. Rb3 Qa7 27. h5 Ba8
(27... Re8 {Yermolinsky Bareev} 28. Rb5 $1 {/\ Rb5-c5 Gulko}) 28. hxg6 hxg6 29.
Nxg6 Re8 (29... Bxd4 $5 30. Qh3 Rfd8 {[%tqu "En","","","","f4f5","",10]} 31. f5
$1 fxg6 32. fxg6 (32. f6 Bd5 (32... c5 33. Rxe6 Bd5 34. Rxd6 Rxd6 35. Bxd5+
Rxd5 36. Qe6+ Kf8 37. Qxd5 $18) 33. Qh6 $18) 32... c5 33. Bxe6+ Rxe6 34. Qxe6+
Kg7 35. Rh3 $18) 30. Ne5 Qxd4 31. g6 fxg6 {[#]} (31... f6 {[%tqu "En","","","",
"c4e6","",10]} 32. Bxe6+ $3 Rexe6 33. Rb8+ Bf8 34. g7 $1 Be4+ 35. Ka1 Qd1+ 36.
Rxd1 Rxd1+ 37. Ka2 Bb1+ 38. Kb3 $18) (31... Bxe5 {Yermolinsky} 32. fxe5 Qxe3
33. gxf7+ Kxf7 34. Rf1+ $3 Kg8 35. Rxe3 Rd7 36. Bb5 c6 37. Bc4 $16) 32. Bxe6+
$1 Rexe6 (32... Kh7 $2 {Yermolinsky} 33. Nf7 $1 $18) 33. Rb8+ Bf8 (33... Kh7 {
Yermolinsky} 34. Qxd4 (34. Qh3+ Bh6 35. Rxa8 Rb6 $1 $36) (34. Rxa8 Qxe3 35.
Rxe3 g5 $1 36. Rh3+ Rh6 37. Nf7 Rxh3 38. Nxg5+ Kg6 39. Nxh3 Rb6 $11) 34... Rxd4
35. Rxa8 Rxf4 36. Rh1+ Bh6 37. Rxa5 $11) 34. Rxa8 Qa4 (34... Qxe3 35. Rxe3 Rf6
36. Re4 Rd2 37. Rxa5 Bd6 38. Nc4 Rf2 39. Nxd6 cxd6 40. Rd5 $16 {\+-}) (34...
Qd5 $2 {Yermolinsky} 35. Rc8 Qb7 36. Rxf8+ $1 Kxf8 37. Qh3 {/\ Rh3+-}) 35. Qh3
Qxf4 (35... Rd1+ {Yermolinsky} 36. Ka2 Rxe5 37. Rxd1 (37. Rxf8+ $11) 37... Qxd1
38. fxe5 Qd5+ 39. Qb3 $18 {Bareev}) 36. Rh1 Qf5+ (36... Qe4+ 37. Ka1 Rd1+ 38.
Rxd1 Qxe5 39. Rd7 Re7 40. Qb3+ Qe6 41. Qxe6+ Rxe6 42. Rxc7 $18) 37. Qxf5 gxf5
38. Rg1+ Kh7 39. Nf7 $18 Rg6 40. Rh1+ Kg7 41. Nxd6 Bxd6 42. Rxa5 Kf6 43. Rb5 f4
44. a4 $6 {White choosed the wrong plan. The best was first to move his king
in the center and then to push a2 pawn} (44. Kc2 Rg2+ 45. Kd3 Rg3+ 46. Kc4 Rg2
47. Rb3 $18 {[%cal Ga3a4]}) 44... Ke6 45. a5 Kd7 $6 (45... Rg8 $142 {
Yermolinsky}) 46. Rb8 (46. Rh8 $1 f3 (46... Rf6 47. a6 f3 48. a7 f2 49. Rh1 $18
) 47. Rf5 Rg1+ 48. Ka2 Rg4 49. Rh3 $1 f2 50. Rhf3 c5 51. a6 $18) 46... f3 47.
Rf1 Rf6 48. b4 c6 49. Rg8 Kc7 50. Rg7+ Kb8 51. Rg4 Kb7 52. Kc2 {Now is to late.
The black king is already on the queenside and rook f1 is placed not in the
best position.} Ka6 1/2-1/2